[Event "DVM U20 2009"]
[Site "Chemnitz GER"]
[Date "2009.12.29"]
[Round "5"]
[White "Kunze, Christopher"]
[Black "Busch, Christian"]
[Result "1-0"]
[Termination "normal"]
[Board "7.3"]
[WhiteElo "1948"]
[BlackElo "1703"]
[WhiteTeam "SG Grün-Weiß Dresden"]
[BlackTeam "SV 1947 Walldorf"]
[PlyCount "79"]
[WhiteFideId "4647998"]
[BlackFideId "1270588"]
[EventCountry "GER"]
[EventRounds "7"]
[EventType "team-swiss"]
[EventDate "2009.12.26"]

1. e4 c5 2. Nc3 d6 3. g3 Nc6 4. Bg2 Nf6 5. d3 e6 6. f4 Be7 7. Nf3 Rb8 8. O-O
Bd7 9. h3 h6 10. g4 Nh7 11. Ne2 O-O 12. f5 exf5 13. gxf5 Ne5 14. Nf4 Bc6 15.
Bd2 b5 16. Kh1 Kh8 17. Bc3 Nxf3 18. Qxf3 Bf6 19. Nh5 Bxc3 20. bxc3 Nf6 21. Ng3
Qa5 22. d4 Qa4 23. d5 Bd7 24. Rf2 Qa3 25. Rb1 Qxa2 26. Rg1 Qa3 27. Nh5 Nxh5 28.
Qxh5 f6 29. Bf1 Be8 30. Qh4 Rb7 31. Rfg2 Rff7 32. Be2 Rfe7 33. Bh5 Bxh5 34.
Qxh5 Qxc3 35. Rg6 Qe3 36. R1g2 a5 37. Qh4 a4 38. Rxf6 Rxe4 39. Rf8+ Kh7 40. Qh5
1-0

[Event "DVM U20 2009"]
[Site "Chemnitz GER"]
[Date "2009.12.29"]
[Round "5"]
[White "Heimann, Michael"]
[Black "Zimmermann, René"]
[Result "0-1"]
[Termination "normal"]
[Board "7.4"]
[WhiteElo "1433"]
[BlackElo "2044"]
[WhiteTeam "SV 1947 Walldorf"]
[BlackTeam "SG Grün-Weiß Dresden"]
[PlyCount "96"]
[WhiteFideId "1271954"]
[BlackFideId "24624349"]
[EventCountry "GER"]
[EventRounds "7"]
[EventType "team-swiss"]
[EventDate "2009.12.26"]

1. Nf3 d5 2. c4 e6 3. d3 c6 4. b3 Nf6 5. Bb2 Bb4+ 6. Nbd2 O-O 7. a3 Be7 8. g3
c5 9. Bg2 Nc6 10. Qc2 d4 11. e3 e5 12. exd4 exd4 13. O-O a5 14. Rfe1 Bg4 15.
Ne5 Nxe5 16. Rxe5 Qc7 17. Ree1 Rfe8 18. Ne4 Nd7 19. f4 h5 20. Bc1 Be6 21. Bd2
h4 22. Reb1 hxg3 23. hxg3 f5 24. Nf2 Nf6 25. Bf3 Bd7 26. Re1 Bc6 27. Qd1 Bd6
28. Kg2 Rxe1 29. Bxe1 Re8 30. Bd2 Kf7 31. Bxc6 Qxc6+ 32. Qf3 Re2 33. Qxc6 bxc6
34. Bxa5 Ng4 35. Be1 Rb2 36. Kg1 Ne3 37. Nd1 Nxd1 38. Rxd1 Rxb3 39. a4 Ra3 40.
a5 Bc7 41. Kf2 Bxa5 42. Bxa5 Rxa5 43. Kf3 Ra2 44. g4 g6 45. g5 Rh2 46. Kg3 Re2
47. Rf1 Rd2 48. Re1 Rxd3+ 0-1

[Event "DVM U20 2009"]
[Site "Chemnitz GER"]
[Date "2009.12.29"]
[Round "5"]
[White "Marsel, Patrick"]
[Black "Meier, Matthias"]
[Result "1-0"]
[Termination "normal"]
[Board "7.5"]
[WhiteElo "1976"]
[BlackElo "1457"]
[WhiteTeam "SG Grün-Weiß Dresden"]
[BlackTeam "SV 1947 Walldorf"]
[PlyCount "49"]
[WhiteFideId "24623741"]
[BlackFideId "12909467"]
[EventCountry "GER"]
[EventRounds "7"]
[EventType "team-swiss"]
[EventDate "2009.12.26"]

1. f4 Nf6 2. Nf3 g6 3. e3 Bg7 4. d4 d5 5. b3 Bf5 6. c4 c6 7. Bd3 Be4 8. Nc3 e6
9. Ba3 Bf8 10. Bxf8 Kxf8 11. Bxe4 Nxe4 12. Nxe4 dxe4 13. Ng5 Qa5+ 14. Qd2 Qf5
15. Qb4+ Kg7 16. Qxb7 Qa5+ 17. Ke2 Qc3 18. Rad1 Qa5 19. Qxa8 Qxa2+ 20. Rd2 Qa6
21. Rdd1 Nd7 22. Ra1 Qxc4+ 23. bxc4 Rxa8 24. Rhb1 Nb6 25. Rxb6 1-0

[Event "DVM U20 2009"]
[Site "Chemnitz GER"]
[Date "2009.12.29"]
[Round "5"]
[White "Hummel, Nikolas"]
[Black "Nitze, Florian"]
[Result "1/2-1/2"]
[Termination "normal"]
[Board "7.6"]
[WhiteElo "1426"]
[BlackElo "1719"]
[WhiteTeam "SV 1947 Walldorf"]
[BlackTeam "SG Grün-Weiß Dresden"]
[PlyCount "106"]
[BlackFideId "24603902"]
[EventCountry "GER"]
[EventRounds "7"]
[EventType "team-swiss"]
[EventDate "2009.12.26"]

1. e4 e6 2. d3 c5 3. Nf3 Nc6 4. c3 Qc7 5. g3 g6 6. Bg2 Bg7 7. O-O Nge7 8. Re1
d5 9. Nbd2 O-O 10. Qe2 b5 11. a3 a5 12. e5 c4 13. d4 Bd7 14. Nf1 b4 15. axb4
axb4 16. Bg5 bxc3 17. bxc3 h6 18. Bf6 Kh7 19. Qd2 Bxf6 20. exf6 Ng8 21. Rxa8
Rxa8 22. Ne5 Be8 23. Qf4 Nxe5 24. dxe5 Qc5 25. h4 Ra2 26. Ne3 Ba4 27. Rb1 Bb3
28. Bh3 Qc6 29. Qg4 h5 30. Qg5 Nh6 31. g4 d4 32. cxd4 Qf3 33. Rf1 Qxh3 34. gxh5
Qf3 35. hxg6+ fxg6 36. d5 exd5 37. e6 Ra8 38. f7 Nxf7 39. exf7 Qxf7 40. Qxd5
Qxd5 41. Nxd5 Rd8 42. Ne3 Rd4 43. f4 Rd3 44. Kf2 c3 45. Rc1 c2 46. Ke2 Rd4 47.
h5 gxh5 48. Nxc2 Bxc2 49. Rxc2 Rxf4 50. Ke3 Rf5 51. Rf2 Rb5 52. Rf6 h4 53. Kf3
Rg5 1/2-1/2

[Event "DVM U20 2009"]
[Site "Chemnitz GER"]
[Date "2009.12.29"]
[Round "5"]
[White "Hoffmann, Lena"]
[Black "Zahn, Benno"]
[Result "0-1"]
[Termination "normal"]
[Board "8.2"]
[WhiteElo "1855"]
[BlackElo "1983"]
[WhiteTeam "SG Blau-Weiß Stadtilm"]
[BlackTeam "USV Potsdam"]
[PlyCount "134"]
[WhiteFideId "24626597"]
[BlackFideId "24636070"]
[EventCountry "GER"]
[EventRounds "7"]
[EventType "team-swiss"]
[EventDate "2009.12.26"]

1. e4 c5 2. Nc3 Nc6 3. f4 d6 4. g3 g6 5. Bg2 Bg7 6. Nf3 e6 7. d3 Nge7 8. Be3
Nd4 9. O-O Rb8 10. Qd2 b5 11. Nd1 d5 12. Ne1 Qb6 13. Qf2 Qa6 14. c3 Nb3 15.
axb3 Qxa1 16. Nc2 Qa2 17. Bxc5 Bb7 18. Bxe7 Kxe7 19. f5 Kd6 20. exd5 gxf5 21.
Qf4+ Kd7 22. dxe6+ fxe6 23. Nd4 Bxg2 24. Kxg2 Qa6 25. Re1 Rb6 26. Nf2 Qb7+ 27.
Kg1 Qd5 28. Nf3 Rf8 29. b4 Qd6 30. Qe3 f4 31. gxf4 Qxf4 32. Qxf4 Rxf4 33. Kg2
Rb8 34. Ne4 e5 35. Nc5+ Kd6 36. Nd2 Rg8 37. Nde4+ Ke7 38. Kh1 Rgf8 39. Kg2 Rg4+
40. Kh1 Bh6 41. Ra1 a6 42. Ng3 Bf4 43. Nce4 Rg6 44. Kg2 h5 45. Kh1 Bxg3 46.
Nxg3 Rf2 47. b3 h4 48. Nf1 Rb2 49. Re1 Kd6 50. Ne3 Rxb3 51. Nf5+ Kc7 52. Nxh4
Rg4 53. Nf3 Rxc3 54. Nxe5 Rxb4 55. Kg2 a5 56. Kg3 a4 57. h4 Rc2 58. h5 Rbb2 59.
Nf3 Rc6 60. Ra1 Ra6 61. Rc1+ Kb7 62. d4 a3 63. Re1 a2 64. Re7+ Kc8 65. Ne5 a1=Q
66. Re8+ Kc7 67. Re7+ Kd6 0-1

[Event "DVM U20 2009"]
[Site "Chemnitz GER"]
[Date "2009.12.29"]
[Round "5"]
[White "Kinzel, Tiffany"]
[Black "Belger, Christian"]
[Result "0-1"]
[Termination "normal"]
[Board "8.4"]
[WhiteElo "1566"]
[BlackElo "1974"]
[WhiteTeam "SG Blau-Weiß Stadtilm"]
[BlackTeam "USV Potsdam"]
[PlyCount "72"]
[WhiteFideId "4633741"]
[BlackFideId "24622940"]
[EventCountry "GER"]
[EventRounds "7"]
[EventType "team-swiss"]
[EventDate "2009.12.26"]

1. Nc3 d5 2. e4 d4 3. Nce2 e5 4. Ng3 Be6 5. b3 g6 6. Bc4 Bxc4 7. bxc4 Bg7 8. d3
Qd6 9. N1e2 Ne7 10. O-O f5 11. f4 O-O 12. exf5 gxf5 13. Nh5 Ng6 14. Nxg7 Kxg7
15. fxe5 Qxe5 16. Ng3 Nc6 17. Rb1 a6 18. Rxb7 Rae8 19. Qf3 Nce7 20. Bd2 Kh8 21.
Re1 Qd6 22. Nh5 Rg8 23. Nf4 Nh4 24. Qf2 Neg6 25. Rxe8 Rxe8 26. Nxg6+ Nxg6 27.
Rb1 Rg8 28. Re1 Qf6 29. Re2 c5 30. Qf3 Nh4 31. Qd5 f4 32. Rf2 Rb8 33. Qxc5 f3
34. Kf1 Rb1+ 35. Be1 fxg2+ 36. Ke2 Qe6+ 0-1

[Event "DVM U20 2009"]
[Site "Chemnitz GER"]
[Date "2009.12.29"]
[Round "5"]
[White "Henschel, Tobias"]
[Black "George, Tom"]
[Result "1/2-1/2"]
[Termination "normal"]
[Board "8.5"]
[WhiteElo "1903"]
[BlackElo "1650"]
[WhiteTeam "USV Potsdam"]
[BlackTeam "SG Blau-Weiß Stadtilm"]
[PlyCount "52"]
[WhiteFideId "24601624"]
[BlackFideId "24659487"]
[EventCountry "GER"]
[EventRounds "7"]
[EventType "team-swiss"]
[EventDate "2009.12.26"]

1. d4 Nf6 2. c4 e6 3. Nc3 d5 4. Bg5 Be7 5. Nf3 O-O 6. e3 Re8 7. Bd3 c6 8. Qc2
Nbd7 9. O-O Nf8 10. Rad1 Rb8 11. c5 b6 12. b4 bxc5 13. bxc5 Qa5 14. Bf4 Rb4 15.
Rb1 Ba6 16. Ne5 Bxd3 17. Qxd3 Rxb1 18. Rxb1 Rc8 19. Rb7 Rc7 20. Rxc7 Qxc7 21.
Qa6 Nh5 22. Ne2 Nxf4 23. Nxf4 Bxc5 24. Qxc6 Qxc6 25. Nxc6 Bb6 26. Nd3 Nd7
1/2-1/2

[Event "DVM U20 2009"]
[Site "Chemnitz GER"]
[Date "2009.12.29"]
[Round "5"]
[White "Dopmann, Markus"]
[Black "Buchta, Moritz"]
[Result "1-0"]
[Termination "normal"]
[Board "8.6"]
[WhiteElo "1481"]
[BlackElo "1273"]
[WhiteTeam "SG Blau-Weiß Stadtilm"]
[BlackTeam "USV Potsdam"]
[PlyCount "51"]
[EventCountry "GER"]
[EventRounds "7"]
[EventType "team-swiss"]
[EventDate "2009.12.26"]

1. e4 e5 2. Nf3 Nc6 3. d4 exd4 4. Nxd4 Bc5 5. Nxc6 bxc6 6. Bc4 d6 7. O-O Nf6 8.
e5 Ng4 9. exd6 cxd6 10. Qe2+ Ne5 11. Bf4 Qe7 12. Re1 Bg4 13. Qf1 f6 14. Nc3 Rb8
15. Na4 Bb6 16. Nxb6 axb6 17. f3 Be6 18. Bxe6 Qxe6 19. Qe2 O-O 20. b3 b5 21.
Rad1 Rfd8 22. Qd2 Rb7 23. Bg3 g5 24. Bxe5 fxe5 25. Qxg5+ Rg7 26. Qxd8+ 1-0